书目信息 |
| 书名: | The Complete Plays of Gilbert and Sullivan | |
| 作者: | ||
| 分册号: | ||
| 分册名: | 出版地: | New York : |
|
| 出版社: | Bennett A.CERF.DONALD S.KLOPFER | |
| 出版时间: | 1936. | |
| 页数: | 711 p. ; | |
| 开本: | 20cm. | |
| 丛书名: | ||
| 中图分类号: | ||
| 科图分类号: | ||
| 其他分类号: | I712.073 | |
| 主题词: | ||
| 电子资源: | ||
| 000 | 00374nam 2200133 a 4500 | |
| 001 | E0760755686 | |
| 005 | 20070519165644.21 | |
| 008 | 070519s1936 00010 eng | |
| 040 | @aPFT@beng | |
| 090 | @aI712.073 | |
| 099 | @dI712.073@ex371 | |
| 245 | @aThe Complete Plays of Gilbert and Sullivan. | |
| 260 | @aNew York :@bBennett A.CERF.DONALD S.KLOPFER,@c1936. | |
| 300 | @a711 p. ;@c20cm. | |
| The Complete Plays of Gilbert and Sullivan.-New York : : Bennett A.CERF.DONALD S.KLOPFER, , 1936. |
| 711 p. ; ; 20cm. |
| ISBN |
| ● |
| 相关链接 |
|
|
|
|
正题名:The Complete Plays of Gilbert and Sullivan
索取号:I712.073/x371
 
预约/预借
| 序号 | 登录号 | 条形码 | 馆藏地/架位号 | 状态 | 备注 |
| 1 | 009125 | 300091255 | 第二样本阅览室/ [索取号:I712.073/x371] | 在馆 |